书目信息 |
| 题名: |
新媒体与北京产业发展研究报告
|
|
| 作者: | 赵子忠 , 刘若歆 主编 | |
| 分册: | ||
| 出版信息: | 北京 北京邮电大学出版社 2018 |
|
| 页数: | 138页 | |
| 开本: | 24cm | |
| 丛书名: | ||
| 单 册: | ||
| 中图分类: | G219.271 , F127.1 | |
| 科图分类: | ||
| 主题词: | 传播媒介--产业发展--研究报告--北京 , 区域经济发展--产业发展--研究报告--北京 | |
| 电子资源: | ||
| ISBN: | 978-7-5635-5433-1 | |
| 000 | 01281nam0 2200277 450 | |
| 001 | 012001003523 | |
| 005 | 20140113140054.0 | |
| 010 | @a978-7-5635-5433-1@dCNY32.00 | |
| 100 | @a20181114d2018 em y0chiy50 ea | |
| 101 | 0 | @achi |
| 102 | @aCN@b110000 | |
| 105 | @ay z 000yy | |
| 106 | @ar | |
| 200 | 1 | @a新媒体与北京产业发展研究报告@Axin mei ti yu bei jing chan ye fa zhan yan jiu bao gao@e2016@f赵子忠,刘若歆主编 |
| 210 | @a北京@c北京邮电大学出版社@d2018 | |
| 215 | @a138页@c图@d24cm | |
| 300 | @a北京市哲学社会科学规划办公室 北京市教育委员会资助出版 首都传媒经济研究基地年度报告 | |
| 330 | @a全书分上下两篇。上篇以产业链、平台、模式、案例为线索对北京市八大产业进行产业链的结构厘清,梳理一年以来发生的产业热点事件,全面分析来自新媒体和传统产业双方面的业务平台,积累并整理来自业界的最新案例。下篇聚焦传统新闻业在新媒体视域中的转型,深度解析新闻媒体在新媒体的渠道传播中,或者在新媒体技术上的实践案例,以案例来举证类型新闻的重塑与创新,观察新闻理论在其中的细微变化。 | |
| 606 | 0 | @a传播媒介@x产业发展@x研究报告@y北京 |
| 606 | 0 | @a区域经济发展@x产业发展@x研究报告@y北京 |
| 690 | @aG219.271@v5 | |
| 690 | @aF127.1@v5 | |
| 701 | 0 | @a赵子忠@Azhao zi zhong@4主编 |
| 701 | 0 | @a刘若歆@Aliu ruo xin@4主编 |
| 801 | @b江苏凤凰@c20191020 | |
| 905 | @b1236310-5@dG219.271@e840@f6 | |
| 新媒体与北京产业发展研究报告:2016/赵子忠,刘若歆主编.-北京:北京邮电大学出版社,2018 |
| 138页:图;24cm |
| 北京市哲学社会科学规划办公室 北京市教育委员会资助出版 首都传媒经济研究基地年度报告 |
| ISBN 978-7-5635-5433-1:CNY32.00 |
| 全书分上下两篇。上篇以产业链、平台、模式、案例为线索对北京市八大产业进行产业链的结构厘清,梳理一年以来发生的产业热点事件,全面分析来自新媒体和传统产业双方面的业务平台,积累并整理来自业界的最新案例。下篇聚焦传统新闻业在新媒体视域中的转型,深度解析新闻媒体在新媒体的渠道传播中,或者在新媒体技术上的实践案例,以案例来举证类型新闻的重塑与创新,观察新闻理论在其中的细微变化。 |
| ● |
| 相关链接 |
|
|
|
|
正题名:新媒体与北京产业发展研究报告
索取号:G219.271/840
 
预约/预借
| 序号 | 登录号 | 条形码 | 馆藏地/架位号 | 状态 | 备注 |
| 1 | 1236310 | 212363100 | 第一样本阅览室/ [索取号:G219.271/840] | 在馆 | |
| 2 | 1236311 | 212363119 | 第四借阅区/ [索取号:G219.271/840] | 在馆 | |
| 3 | 1236312 | 212363128 | 第四借阅区/ [索取号:G219.271/840] | 在馆 | |
| 4 | 1236313 | 212363137 | 第四借阅区/ [索取号:G219.271/840] | 在馆 | |
| 5 | 1236314 | 212363146 | 教育系资料室/ [索取号:G219.271/840] | 在馆 | |
| 6 | 1236315 | 212363155 | 教育系资料室/ [索取号:G219.271/840] | 在馆 |